El transporte público y sus problemas

Guardado en:
Bibliografiske detaljer
Format: Texto
Tags: Tilføj Tag
Ingen Tags, Vær først til at tagge denne postø!

MARC

LEADER 00000 a a2200000 04500
001 42519
003
040
245 |a El transporte público y sus problemas  
773 |g volumen21, número914 (2000), 16 páginas  
999 |c 21440  |d 21440